Normal view
MARC view
- Reasoning
Entry Topical Term
001 - CONTROL NUMBER
- control field: 21585
003 - CONTROL NUMBER IDENTIFIER
- control field: OSt
005 - DATE AND TIME OF LATEST TRANSACTION
- control field: 20110415132541.0
008 - FIXED-LENGTH DATA ELEMENTS
- fixed length control field: 110415|||a|||||| | ||| d
040 ## - CATALOGING SOURCE
- Original cataloging agency: OSt
- Transcribing agency: OSt
150 ## - HEADING--TOPICAL TERM
- Topical term or geographic name as entry element: Reasoning
670 ## - SOURCE DATA FOUND
- Source citation: Work cat.: (OSt): Boole, George, 1815-1864 21583, An investigation of the laws of thought, 1953
670 ## - SOURCE DATA FOUND
- Source citation: Work cat.: (OSt): Boole, George, 1815-1864 21583, An investigation of the laws of thought, 1953
